| 000 | 00340nam a2200109 a 4500 | ||
|---|---|---|---|
| 001 | 000044975 | ||
| 005 | 20201002045757.0 | ||
| 008 | 150127s1915 000 spa d | ||
| 040 |
_aDO-SdBNP _bspa _cBNPHU |
||
| 245 | 0 | _aRecopilación Ordinada y Sistematiza de las Diferentes Desiciones. | |
| 260 |
_aSanto Domingo, República Dominicana, _c1915. |
||
| 999 |
_c44464 _d44464 |
||